000 00643nam a2200217Ii 4500
003 JO-AjNU
008 230606s9999||||xx |||||||||||||| ||und||
020 _a9-78201-612448
040 _aJO-AjNU
_beng
_erda
_cJO-AjNU
041 _aeng
050 1 4 _aQA76.9.A43.B33.2000
100 3 _a Baase, Sara. Van Gelder,Allen,
_eauthor
_93544
245 0 0 _a Computer algorithms : introduction to design and analysis. 
250 _a3 ed
264 3 1 _aAddison Wesley
300 _a684p
336 _atext
_btxt
_2rdacontent
337 _aunmediated
_bn
_2rdamedia
338 _avolume
_bnc
_2rdacarrier
650 4 _aComputer algorithms. 
_93545
999 _aE1850
_c1850
_d1850